000 00526cam a22002171 4500
001 sa 65000313
003 DLC
005 20260227112102.0
008 890718s1963 ii 000 0 malo
010 _asa 65000313
035 _a(OCoLC)20025848
040 _aDLC
_cWaU
_dDLC
042 _apremarc
050 0 0 _aPK2418.M4
_bV5
100 1 _aMenon, M. S.
245 1 0 _aVimarśanattinr̲e pr̲aśnaṅṅaḷ.
260 _c[1963]
300 _a107 p.
_c19 cm.
500 _aIn Malayalam.
650 0 _aIndic literature.
999 _c61497
_d61497